Teoretická východiska politického brandingu: představení modelu voliče orientovaného na hodnotu značky a jeho metodologické ukotvení

Postavenie politického brandingu v politológii, respektíve politickom marketingu. Nový koncept voliča orientovaného na hodnotu politickej značky, který má potenciál v súčasnosti.

Salvato in:
Dettagli Bibliografici
Autore principale: Vašátková, Daniela
Natura: Capitolo di libro
Lingua:ceco
Soggetti:
Tags: Aggiungi Tag
Nessun Tag, puoi essere il primo ad aggiungerne!!

MARC

LEADER 00000nla a2200000 4500
001 0236880
005 20240108073411.4
041 0 |a cze 
044 |a CZ 
245 1 0 |a Teoretická východiska politického brandingu: představení modelu voliče orientovaného na hodnotu značky a jeho metodologické ukotvení  |c Daniela Vašátková 
520 |a Postavenie politického brandingu v politológii, respektíve politickom marketingu. Nový koncept voliča orientovaného na hodnotu politickej značky, který má potenciál v súčasnosti. 
610 2 0 |a voľby 
610 2 0 |a marketing politický 
610 2 0 |a umiestňovanie produktov 
610 2 0 |a značky 
610 2 0 |a politológia 
100 1 |a Vašátková, Daniela